A pulse cathodoluminescence and transient optical absorption kinetics simulation in Li6ReB3O9 (Re = Gd, Y) crystals doped with Ce-ions; Nuclear Instruments and Methods in Physics Research Section B: Beam Interactions with Materials and Atoms; Vol. 468

Podrobná bibliografie
Parent link:Nuclear Instruments and Methods in Physics Research Section B: Beam Interactions with Materials and Atoms.— , 1998-
Vol. 468.— 2020.— [Р. 48-53]
Hlavní autor: Kiseleva M. S. Mariya Sergeevna
Korporativní autor: Национальный исследовательский Томский политехнический университет Инженерная школа новых производственных технологий Отделение материаловедения
Další autoři: Ogorodnikov I. N. Igor Nikolaevich, Yakovlev V. Yu. Viktor Yurjevich
Shrnutí:Title screen
A mechanism for the radioluminescence excitation involving radiation-induced mobile defects of the lithium sublattice has been revealed for double lithium orthoborates Li6YxGd1-x B3O9 (x = 0.0, 0.5) doped with a cerium impurity (0.5–1.0 at%). The pulse cathodoluminescence and transient optical absorption decay kinetics for both the single crystals and crystal-fibers have been studied using time-resolved absorption and luminescence spectroscopy techniques upon excitation with a nanosecond electron beam at T = 293 K. A numerical simulation of both processes had been performed. Based on the simulation results we explained the role of radiation defects of the lithium sublattice in increasing the radioluminescence intensity and the creation of inertial components of the luminescence decay kinetics.
Режим доступа: по договору с организацией-держателем ресурса
Jazyk:angličtina
Vydáno: 2020
Témata:
On-line přístup:https://doi.org/10.1016/j.nimb.2020.02.017
Médium: Elektronický zdroj Kapitola
KOHA link:https://koha.lib.tpu.ru/cgi-bin/koha/opac-detail.pl?biblionumber=662505

MARC

LEADER 00000naa0a2200000 4500
001 662505
005 20250404094319.0
035 |a (RuTPU)RU\TPU\network\33660 
090 |a 662505 
100 |a 20200827d2020 k||y0rusy50 ba 
101 0 |a eng 
102 |a NL 
135 |a drcn ---uucaa 
181 0 |a i  
182 0 |a b 
200 1 |a A pulse cathodoluminescence and transient optical absorption kinetics simulation in Li6ReB3O9 (Re = Gd, Y) crystals doped with Ce-ions  |f M. S. Kiseleva, I. N. Ogorodnikov, V. Yu. Yakovlev 
203 |a Text  |c electronic 
300 |a Title screen 
320 |a [References: 33 tit.] 
330 |a A mechanism for the radioluminescence excitation involving radiation-induced mobile defects of the lithium sublattice has been revealed for double lithium orthoborates Li6YxGd1-x B3O9 (x = 0.0, 0.5) doped with a cerium impurity (0.5–1.0 at%). The pulse cathodoluminescence and transient optical absorption decay kinetics for both the single crystals and crystal-fibers have been studied using time-resolved absorption and luminescence spectroscopy techniques upon excitation with a nanosecond electron beam at T = 293 K. A numerical simulation of both processes had been performed. Based on the simulation results we explained the role of radiation defects of the lithium sublattice in increasing the radioluminescence intensity and the creation of inertial components of the luminescence decay kinetics. 
333 |a Режим доступа: по договору с организацией-держателем ресурса 
461 |t Nuclear Instruments and Methods in Physics Research Section B: Beam Interactions with Materials and Atoms  |d 1998- 
463 |t Vol. 468  |v [Р. 48-53]  |d 2020 
610 1 |a электронный ресурс 
610 1 |a труды учёных ТПУ 
610 1 |a pulse cathodoluminescence 
610 1 |a transient optical absorption 
610 1 |a decay kinetics 
610 1 |a lithium orthoborate 
610 1 |a импульсная катодолюминесценция 
610 1 |a оптическое поглощение 
610 1 |a ортоборат лития 
700 1 |a Kiseleva  |b M. S.  |g Mariya Sergeevna 
701 1 |a Ogorodnikov  |b I. N.  |g Igor Nikolaevich 
701 1 |a Yakovlev  |b V. Yu.  |c specialist in the field of lightning engineering  |c Professor of Tomsk Polytechnic University, Doctor of physical and mathematical sciences  |f 1949-  |g Viktor Yurjevich  |3 (RuTPU)RU\TPU\pers\35728  |9 18886 
712 0 2 |a Национальный исследовательский Томский политехнический университет  |b Инженерная школа новых производственных технологий  |b Отделение материаловедения  |3 (RuTPU)RU\TPU\col\23508  |9 28324 
801 2 |a RU  |b 63413507  |c 20200827  |g RCR 
856 4 |u https://doi.org/10.1016/j.nimb.2020.02.017 
942 |c CF